[Event "Tourn. n8550"]
[Site "www.chess-mail.com"]
[Date "2016.01.15"]
[Round "1"]
[White "Chessexpert"]
[Black "Jjmcbride"]
[WhiteElo "1480"]
[BlackElo "1640"]
[Result "1-0"]
[Round "1"]
1.d4 d5
2.c4 b6
3.cxd5 Ng8f6
4.Ng1f3 Qd8xd5
5.Nb1c3 Qd5f5
6.e3 Bc8b7
7.Bf1d3  { time }
1-0

[Event "Tourn. n8506"]
[Site "www.chess-mail.com"]
[Date "2016.01.15"]
[Round "1"]
[White "Bojan"]
[Black "Abuelo"]
[WhiteElo "2000"]
[BlackElo "2090"]
[Result "0-1"]
[Round "1"]
1.e4 e5
2.Bf1c4 Ng8f6
3.Qd1f3 Bf8c5
4.a3 d6
5.h3 O-O
6.Nb1c3 c6
7.Nc3a4 b5
8.Na4xc5 bxc4
9.Nc5a4 Bc8e6
10.Ng1e2 d5
11.d3 Qd8a5
12.Na4c3 d4
13.b4 Qa5a6
14.Nc3d1 c3
15.Qf3g3 g6
16.Bc1h6 Rf8d8
17.Qg3g5 Nb8d7
18.Ne2g3 Qa6a4
19.Qg5c1 Kh8
20.f3 Nf6g8
21.Bh6g5 f6
22.Bg5h4 g5
23.Bh4xg5 fxg5
24.O-O h6
25.Ng3h5 Be6f7
26.Nh5g3 Kh7
27.Ng3f5 Bf7g6
28.g4 c5
29.Nd1f2 cxb4
30.axb4 Qa4xb4
31.Ra1b1 Qb4a4
32.Nf2h1 Ng8f6
33.Nh1g3 a5
34.h4 Bg6xf5
35.Ng3xf5 Rd8g8
36.hxg5 Rg8xg5
37.Kg2 Nf6h5
38.Rb1b7 Nh5f4
39.Kg3 Nf4e2
40.Kh4 Ne2xc1
41.Rf1xc1 Qa4c6
42.Rb7b3 Nd7f6
43.Rc1b1 Qc6e6
44.Rb3b7 Nf6d7
45.Rb1b6 Qe6xb6
{ resign }
0-1

[Event "Tourn. n8582"]
[Site "www.chess-mail.com"]
[Date "2016.01.15"]
[Round "1"]
[White "Yangqi"]
[Black "Masteratches"]
[WhiteElo "2650"]
[BlackElo "2480"]
[Result "1/2-1/2"]
[Round "1"]
1.c4 c6
2.g3 d5
3.Ng1f3 Bc8g4
4.Bf1g2 e6
5.cxd5 Bg4xf3
6.Bg2xf3 cxd5
7.Nb1c3 Nb8c6
8.O-O Ng8f6
9.d3 Bf8e7
10.Qd1a4 O-O
11.Bc1f4 a6
12.Rf1c1 Ra8c8
13.a3 Qd8b6
14.Ra1b1 Nc6d4
15.Bf4e3 { draw }
1/2-1/2

[Event "Tourn. n8530"]
[Site "www.chess-mail.com"]
[Date "2016.01.15"]
[Round "1"]
[White "Expert"]
[Black "Fred"]
[WhiteElo "1910"]
[BlackElo "2020"]
[Result "0-1"]
[Round "1"]
1.d4 c5
2.d5 e6
3.c4 h6
4.e4 d6
5.Nb1c3 Ng8f6
6.Ng1f3 Bf8e7
7.Bf1e2 O-O
8.O-O exd5
9.exd5 Nb8d7
10.b3 Nf6h7
11.Bc1b2 Nd7f6
12.h3 a6
13.Qd1c2 Bc8d7
14.Rf1e1 b5
15.cxb5 axb5
16.Nc3xb5 Nf6xd5
17.Be2f1 Bd7xb5
18.Bf1xb5 Be7f6
19.Bb2xf6 Nh7xf6
20.Bb5c6 Nd5b4
{ resign }
0-1

[Event "Tourn. n8550"]
[Site "www.chess-mail.com"]
[Date "2016.01.15"]
[Round "1"]
[White "Hansen"]
[Black "Jjmcbride"]
[WhiteElo "1530"]
[BlackElo "1640"]
[Result "1-0"]
[Round "1"]
1.e3 e5
2.c3 d5
3.h3 e4
4.Ng1e2 c5
5.Ne2f4 d4
6.cxd4 cxd4
7.Qd1h5 Ng8f6
8.Qh5e5 Bf8e7
9.Bf1b5  { time }
1-0

[Event "Tourn. n8535"]
[Site "www.chess-mail.com"]
[Date "2016.01.15"]
[Round "1"]
[White "Passaroa25"]
[Black "Jjmcbride"]
[WhiteElo "1650"]
[BlackElo "1610"]
[Result "1-0"]
[Round "1"]
1.e4 e5
2.Ng1e2 Ng8f6
3.Ne2g3 d5
4.d3 d4
5.Nb1d2 b5
6.Nd2b3 c5
7.Bc1d2 Nb8c6
8.Bf1e2 c4
9.dxc4 b4
10.Be2d3 a5
11.Qd1b1 a4
12.Nb3c1  { time }
1-0

[Event "Tourn. n8453"]
[Site "www.chess-mail.com"]
[Date "2016.01.15"]
[Round "1"]
[White "Andychesston"]
[Black "Cardiff"]
[WhiteElo "2000"]
[BlackElo "1840"]
[Result "1-0"]
[Round "1"]
1.e4 g6
2.d4 Bf8g7
3.Ng1f3 d6
4.h3 Ng8f6
5.Nb1c3 c6
6.Bf1c4 O-O
7.Bc1f4 b5
8.Bc4b3 b4
9.e5 Nf6h5
10.Nc3e2 Nh5xf4
11.Ne2xf4 d5
12.Qd1d2 a5
13.a4 e6
14.O-O Bc8a6
15.Rf1e1 Nb8d7
16.c3 Ra8b8
17.Re1e3 c5
18.Ra1c1 Qd8e7
19.c4 cxd4
20.Nf3xd4 Nd7xe5
21.Re3xe5 Bg7xe5
22.Nd4c6 Qe7f6
23.Nf4d3 Be5c7
24.Nc6xb8 Bc7xb8
25.Nd3c5 Bb8f4
26.Nc5d7 Qf6g5
27.Qd2d4 Bf4xc1
28.Nd7f6 Kg7
29.Nf6e8 { resign }
1-0

[Event "Match"]
[Site "www.echecsemail.com"]
[Date "2016.01.15"]
[Round "1"]
[White "Bojan"]
[Black "Mitja"]
[WhiteElo "2010"]
[BlackElo "1860"]
[Result "1-0"]
[Round "1"]
1.e4 d5
2.exd5 Qd8xd5
3.Nb1c3 Qd5d8
4.Bf1c4 e6
5.d4 c6
6.a3 h6
7.Ng1f3 Ng8f6
8.Bc1f4 Nb8d7
9.Qd1d3 Nd7b6
10.Bc4b3 Nf6d5
11.Nc3xd5 Nb6xd5
12.Bf4g3 Bf8e7
13.c4 Nd5f6
14.Bb3c2 b6
15.b4 Bc8b7
16.h3 Be7d6
17.Nf3e5 c5
18.dxc5 bxc5
19.Bc2a4 Kf8
20.Ba4c6 Bb7xc6
21.Ne5xc6 Qd8c7
22.Bg3xd6 { resign }
1-0

[Event "Match"]
[Site "www.echecsemail.com"]
[Date "2016.01.15"]
[Round "1"]
[White "Fangshuo"]
[Black "Starwind"]
[WhiteElo "2140"]
[BlackElo "1809"]
[Result "0-1"]
[Round "1"]
1.e4 c6
2.d4 d5
3.e5 Bc8f5
4.Ng1f3 e6
5.Nb1d2 Nb8d7
6.c4 Ng8e7
7.c5 b6
8.b4 a5
9.Bc1a3 axb4
10.Ba3xb4 bxc5
11.dxc5 Ne7g6
12.Nf3d4 Ng6xe5
13.Nd2f3 Ne5xf3
14.Qd1xf3 Bf8xc5
15.Nd4xf5 Bc5xb4
16.Ke2 exf5
17.Qf3xf5 Qd8e7
18.Kf3 Ra8a3
19.Bf1d3 Ra3xd3
{ resign }
0-1

[Event "Match"]
[Site "www.echecsemail.com"]
[Date "2016.01.15"]
[Round "1"]
[White "Ssharp"]
[Black "Bojan"]
[WhiteElo "2250"]
[BlackElo "2060"]
[Result "1-0"]
[Round "1"]
1.e4 e5
2.f4 Nb8c6
3.Ng1f3 d6
4.Bf1c4 h6
5.Nb1c3 Bf8e7
6.fxe5 Nc6xe5
7.Nf3xe5 dxe5
8.d3 Ng8f6
9.h3 c6
10.Bc1e3 Be7b4
11.O-O Qd8e7
12.Kh2 Bc8d7
13.Nc3e2 Bd7e6
14.Bc4xe6 Qe7xe6
15.a3 Bb4e7
16.Ne2g3 g6
17.Qd1d2 Nf6g8
18.Rf1f3 b6
19.Ra1f1 f6
20.b4 Kf7
21.Qd2c3 h5
22.Ng3e2 h4
23.d4 exd4
24.Be3xd4 Rh8h6
25.Ne2f4 Be7d6
26.e5 Bd6c7
27.Nf4xe6 { resign }
1-0

[Event "Match"]
[Site "www.echecsemail.com"]
[Date "2016.01.15"]
[Round "1"]
[White "Osvalazo"]
[Black "Jjmcbride"]
[WhiteElo "1349"]
[BlackElo "1600"]
[Result "1-0"]
[Round "1"]
1.e4 e5
2.Bf1c4 Ng8f6
3.Nb1c3 c6
4.d4 b5
5.Bc4b3 b4
6.Nc3b1 Nf6xe4
7.Qd1f3 Ne4g5
8.Bc1xg5 f6
9.Bg5h4 exd4
10.Qf3h5 g6
11.Qh5e2 Bf8e7
12.Bh4xf6 Bc8a6
13.Ng1f3 Ba6xe2
14.Bf6xh8  { time }
1-0

[Event "Match"]
[Site "www.echecsemail.com"]
[Date "2016.01.15"]
[Round "1"]
[White "Duff"]
[Black "Whitekknight"]
[WhiteElo "1720"]
[BlackElo "1910"]
[Result "1-0"]
[Round "1"]
1.e4 e5
2.Ng1f3 d6
3.d4 exd4
4.Nf3xd4 Ng8f6
5.Nb1c3 Bf8e7
6.Bf1e2 Bc8d7
7.O-O Nb8c6
8.Bc1e3 O-O
9.Rf1e1 Nc6xd4
10.Be3xd4 c5
11.Bd4e3 Bd7c6
12.Be2f3 Rf8e8
13.Qd1d2 Qd8c7
14.Ra1d1 Ra8d8
15.Nc3d5 Nf6xd5
16.exd5 Bc6b5
17.b3 Be7f6
18.c4 Bb5d7
19.Be3f4 Bd7f5
20.g4 Bf5g6
21.g5 Bf6e7
22.h4 f6
23.h5 Bg6f7
24.Kh2 Qc7d7
25.Re1g1 Kh8
26.g6 hxg6
27.hxg6 Bf7xg6
28.Rg1xg6 Qd7f5
29.Rd1g1 Re8g8
30.Rg1g3 { resign }
1-0

[Event "Match"]
[Site "www.echecsemail.com"]
[Date "2016.01.15"]
[Round "1"]
[White "Elogic"]
[Black "Caspito"]
[WhiteElo "1669"]
[BlackElo "1730"]
[Result "1-0"]
[Round "1"]
1.e4 e5
2.f4 Qd8f6
3.d4 exf4
4.e5 Qf6h4
5.Ke2 d5
6.Ng1f3 Bc8g4
7.h3 Bg4xf3
8.gxf3 Nb8c6
9.c3 O-O-O
10.Qd1d2 g5
11.Bf1g2 Ng8f6
12.exf6 Rd8e8
13.Kd1 Bf8d6
14.b4 Re8e6
15.a4 Rh8e8
16.a5 Re6e2
17.Qd2xe2 Re8xe2
18.Kxe2 h5
19.Bc1d2 g4
20.b5 Nc6d8
21.fxg4 hxg4
22.hxg4 Qh4xg4
23.Bg2f3 Qg4e6
24.Kf2 Qe6xf6
25.Bf3xd5 c6
26.bxc6 bxc6
27.Bd5f3 c5
28.Nb1a3 cxd4
29.Na3b5 Bd6c5
30.Bf3g4 Kb7
31.Kf3 Nd8e6
32.Bg4xe6 fxe6
33.Rh1h7 Kc6
34.Nb5xa7 Kd6
35.Bd2xf4 Kd5
36.Rh7d7 Kc4
37.cxd4 e5
38.dxe5 Qf6f8
39.Ra1c1 Kb3
40.Rd7b7 Ka4
41.Rc1c4 Ka3
42.Na7c6 Qf8c8
43.Bf4c1 { resign }
1-0

[Event "Match"]
[Site "www.echecsemail.com"]
[Date "2016.01.15"]
[Round "1"]
[White "Mitja"]
[Black "Bojan"]
[WhiteElo "1890"]
[BlackElo "2060"]
[Result "0-1"]
[Round "1"]
1.d4 d5
2.e3 a6
3.h3 Ng8f6
4.c3 Nb8c6
5.Nb1d2 e5
6.dxe5 Nc6xe5
7.Ng1f3 Bf8d6
8.Nf3xe5 Bd6xe5
9.Nd2f3 Qd8d6
10.Nf3xe5 Qd6xe5
11.Bf1e2 Qe5g5
12.Be2f3 c6
13.b3 Nf6d7
14.Bc1b2 Nd7e5
15.Qd1e2 O-O
16.c4 dxc4
17.Bb2xe5 Qg5xe5
18.O-O cxb3
19.axb3 Qe5g5
20.Kh1 Rf8d8
21.Ra1d1 Bc8e6
22.b4 Qg5f6
23.Bf3g4 Be6d5
24.e4 Rd8e8
25.Qe2d3 Bd5xe4
26.Qd3c4 Qf6g6
27.Rd1d7 Ra8b8
28.Rf1d1 h5
29.Bg4f3 Be4xf3
30.gxf3 Qg6f5
31.Kg2 a5
32.bxa5 Rb8a8
33.Rd7xb7 Qf5g6
34.Kh2 Ra8xa5
35.Rd1d7 Re8f8
36.Qc4f4 Ra5g5
37.Rd7d1 Kh7
38.Rb7b2 Rg5g2
39.Kh1 Rf8d8
40.Rd1e1 c5
41.Qf4e4 Rg2g5
42.Qe4xg6 Kxg6
43.Re1g1 f6
44.Rb2c2 Rd8c8
45.Rg1xg5 Kxg5
46.Kg2 h4
47.Rc2c4 f5
48.f4 Kf6
49.Kf3 Ke6
50.Ke3 Kd5
51.Rc4c1 c4
52.f3 Rc8a8
53.Rc1d1 Kc6
54.Kd4 Ra8a3
55.Kxc4 Ra3xf3
{ resign }
0-1

[Event "1/128 Finale"]
[Site "www.chess-mail.com"]
[Date "2016.01.15"]
[Round "1"]
[White "Gatrooper"]
[Black "Mitja"]
[WhiteElo "1620"]
[BlackElo "1920"]
[Result "0-1"]
[Round "1"]
1.e4 d5
2.e5 e6
3.d4 h6
4.a3 c6
5.Nb1c3 Nb8d7
6.h3 Ng8e7
7.Ng1f3 Nd7b6
8.a4 Ne7g6
9.a5 Nb6c4
10.Bf1xc4 dxc4
11.Bc1e3 b5
12.O-O a6
13.Nc3e4 Bf8b4
14.c3 Bb4xa5
15.Ne4d6 Ke7
16.b4 Ba5c7
17.Nd6e4 a5
18.bxa5 Ra8xa5
19.Ne4c5 Bc7b6
20.Ra1xa5 Bb6xa5
21.Nc5e4 Bc8b7
22.Ne4d6 Bb7a8
23.Nf3h2 Ba5xc3
24.Qd1f3 Rh8f8
25.Rf1c1 Bc3b4
26.Nh2g4 Bb4xd6
27.exd6 Qd8xd6
28.Ng4e5 Ng6xe5
29.dxe5 Qd6xe5
30.Rc1e1 Qe5c7
31.Be3c5 Ke8
32.Bc5xf8 Kxf8
33.Qf3h5 c5
34.f3 Ba8d5
35.Re1f1 Qc7f4
36.Rf1a1 c3
37.Ra1a8 Bd5xa8
38.Qh5xc5 Kg8
39.Qc5c8 Kh7
40.Qc8xc3 b4
41.Qc3d3 g6
42.Qd3b3 Ba8d5
43.Qb3d3 b3
44.Qd3b1 Qf4d4
45.Kh2 b2
46.Kg3 Qd4c3
47.Qb1f1 Qc3c1
48.Qf1xc1 bxc1Q
{ resign }
0-1

[Event "1/64 Finale"]
[Site "www.chess-mail.com"]
[Date "2016.01.15"]
[Round "1"]
[White "Rindrandria"]
[Black "Elogic"]
[WhiteElo "1610"]
[BlackElo "1769"]
[Result "0-1"]
[Round "1"]
1.g3 c6
2.c3 e5
3.e3 b5
4.Qd1h5 Qd8f6
5.e4 d5
6.exd5 g6
7.Qh5e2 cxd5
8.Qe2xb5 Nb8d7
9.Qb5xd5 Bf8c5
10.Ng1h3 Ra8b8
11.Rh1g1 Ng8e7
12.Qd5c4 Bc8b7
13.Qc4b5 Bb7a6
14.Qb5a4 Ba6xf1
15.Rg1xf1 Qf6e6
16.b4 Bc5xb4
17.cxb4 Qe6xh3
18.Bc1b2 O-O
19.Qa4xa7 Rb8xb4
20.Nb1c3 Rb4xb2
21.Qa7a3 Rb2c2
22.Qa3xe7 Qh3f5
23.Ra1b1 Rc2xc3
24.g4 Qf5xb1
{ resign }
0-1

[Event "Eq:chibcha-Slap Shot Mates : "]
[Site "www.chess-mail.com"]
[Date "2016.01.15"]
[Round "1"]
[White "Paes19"]
[Black "Asoka"]
[WhiteElo "2050"]
[BlackElo "2690"]
[Result "0-1"]
[Round "1"]
1.e4 c5
2.d4 cxd4
3.Qd1xd4 Ng8f6
4.Nb1c3 Nb8c6
5.Qd4d1 e5
6.Ng1f3 Bf8b4
7.Bc1d2 Bb4xc3
8.Bd2xc3 Nf6xe4
9.Bf1d3 Ne4xc3
10.bxc3 d5
11.Bd3b5 O-O
12.Bb5xc6 bxc6
13.O-O f6
14.Ra1b1 Qd8a5
15.Rb1b3 Qa5xa2
16.h3 Bc8f5
17.Rb3b7 Rf8b8
18.Rb7c7 Qa2xc2
19.Rc7xc6 Qc2xd1
20.Rf1xd1 a5
21.Rd1a1 a4
22.Nf3h4 Rb8b1
23.Ra1xb1 Bf5xb1
24.f3 a3
25.g4 a2
{ resign }
0-1

[Event "Eq:chibcha-Slap Shot Mates : "]
[Site "www.chess-mail.com"]
[Date "2016.01.15"]
[Round "1"]
[White "Asoka"]
[Black "Paes19"]
[WhiteElo "2690"]
[BlackElo "2050"]
[Result "1-0"]
[Round "1"]
1.d4 c5
2.d5 Ng8f6
3.c4 Qd8c7
4.Nb1c3 a6
5.Ng1f3 e6
6.Qd1a4 Bf8d6
7.Bc1g5 Bd6e5
8.Nf3xe5 Qc7xe5
9.f4 Qe5d4
10.Ra1d1 b5
11.Nc3xb5 axb5
12.Qa4xa8 Qd4xb2
13.Bg5xf6 Qb2xf6
14.Qa8xb8 O-O
15.cxb5 Qf6c3
16.Kf2 exd5
17.Rd1xd5 Qc3b4
18.e3 c4
19.Qb8c7 c3
20.Rd5c5 d5
21.Qc7xc8 h6
22.Qc8c7 d4
23.b6 Rf8a8
24.b7 Ra8xa2
25.Kg3 Qb4b1
26.b8Q { resign }
1-0

[Event "Fast Game"]
[Site "www.echecsemail.com"]
[Date "2016.01.15"]
[Round "1"]
[White "Attatroll"]
[Black "Maredocla"]
[WhiteElo "1730"]
[BlackElo "1890"]
[Result "1-0"]
[Round "1"]
1.d4 d5
2.c4 c6
3.Nb1c3 dxc4
4.a4 Bc8e6
5.e4 Ng8f6
6.Ng1f3 a6
7.Bc1g5 Nb8d7
8.d5 cxd5
9.exd5 Be6g4
10.Bf1e2 Ra8c8
11.O-O g6
12.h3 Bg4xf3
13.Be2xf3 Bf8g7
14.Rf1e1 O-O
15.d6 e6
16.Nc3e4 Qd8b6
17.Ne4xf6 Bg7xf6
18.Bg5e3 Qb6d8
19.Ra1b1 Nd7e5
20.Be3d4 Ne5d3
21.Bd4xf6 Qd8xf6
22.Qd1d2 Rc8d8
23.Re1d1 Rd8d7
24.b3 b5
25.bxc4 bxc4
26.Rb1b6 Nd3f4
27.Rb6xa6 Nf4xh3
28.Kh2 Nh3g5
29.Bf3c6 Rf8d8
30.Bc6xd7 Rd8xd7
31.Ra6a8 Kg7
32.Qd2d4 e5
33.Qd4xc4 Qf6xf2
34.Rd1f1 Qf2d2
35.Qc4g4 Rd7xd6
36.Qg4c8 Ng5e6
37.Qc8h8 Kh6
38.Rf1xf7 Ne6f4
39.Rf7xh7 Kg5
40.Qh8xe5 Kg4
41.Qe5e4 Rd6e6
42.Qe4f3 Kg5
43.Qf3g3 Kf6
44.Ra8f8 Ke5
45.Qg3g5 Ke4
46.Rf8xf4 Qd2xf4
47.Qg5xf4 Kxf4
48.Rh7h4 Kg5
49.Rh4b4 Re6a6
50.Kg3 Kf5
51.Kf3 g5
52.Rb4b5 Kg6
53.a5 Kh5
54.g4 Kh4
55.Rb5b6 { resign }
1-0

[Event "Fast Game"]
[Site "www.echecsemail.com"]
[Date "2016.01.15"]
[Round "1"]
[White "Attatroll"]
[Black "Elogic"]
[WhiteElo "1730"]
[BlackElo "1599"]
[Result "1-0"]
[Round "1"]
1.d4 Ng8f6
2.c4 c5
3.Ng1f3 d5
4.e3 Bc8f5
5.Bf1d3 Nf6e4
6.O-O a5
7.cxd5 cxd4
8.Nf3xd4 Qd8xd5
9.Qd1a4 Kd8
10.Nd4xf5 Ne4d2
11.Bc1xd2 b6
12.Bd3e4 Qd5d7
13.Qa4xd7 Nb8xd7
14.Be4xa8 e6
15.Nf5d4 Nd7c5
16.Nb1c3 g6
17.Ba8f3 Nc5d3
18.Nd4b5 Nd3xb2
19.Ra1b1 Nb2d3
20.Nb5a7 Bf8d6
21.Rb1xb6 Ke7
22.Nc3b5 Bd6b8
23.Rb6b7 Kf6
24.Bd2c3 Bb8e5
25.Rf1d1 Nd3c5
26.Bc3xe5 { resign }
1-0

[Event "Tourn. n8548"]
[Site "www.chess-mail.com"]
[Date "2016.01.16"]
[Round "1"]
[White "Louis"]
[Black "Duff"]
[WhiteElo "1900"]
[BlackElo "1740"]
[Result "1-0"]
[Round "1"]
1.d4 Ng8f6
2.c4 e6
3.Nb1c3 Bf8b4
4.Qd1c2 O-O
5.e3 d5
6.a3 Bb4xc3
7.Qc2xc3 Nb8d7
8.Ng1f3 c5
9.cxd5 Nf6xd5
10.Qc3d2 cxd4
11.Qd2xd4 Nd7b6
12.Bf1e2 Bc8d7
13.e4 Nd5f6
14.e5 Nf6d5
15.O-O Qd8e7
16.Bc1g5 Qe7e8
17.Ra1c1 h6
18.Bg5d2 Bd7c6
19.Qd4g4 Kh8
20.Qg4h3 Nd5e7
21.Bd2xh6 Ne7f5
22.Bh6f4 Kg8
23.Rf1d1 Nb6d5
24.Bf4d2 Nd5e7
25.Nf3g5 Nf5h6
26.Be2d3 Ne7g6
27.Qh3g3 Qe8e7
28.Bd2b4 { resign }
1-0

[Event "Tourn. n8512"]
[Site "www.chess-mail.com"]
[Date "2016.01.16"]
[Round "1"]
[White "Wwgia"]
[Black "Amaya"]
[WhiteElo "2220"]
[BlackElo "2000"]
[Result "1-0"]
[Round "1"]
1.d4 Ng8f6
2.c4 g6
3.Nb1c3 Bf8g7
4.e4 d6
5.Ng1f3 O-O
6.Bf1e2 Nb8d7
7.O-O e5
8.Rf1e1 Rf8e8
9.Be2f1 exd4
10.Nf3xd4 Nd7e5
11.Bc1g5 c6
12.h3 Qd8b6
13.Nd4b3 Qb6c7
14.Ra1c1 Bc8e6
15.Bg5xf6 Bg7xf6
16.Nc3d5 cxd5
17.cxd5 Qc7e7
18.dxe6 Qe7xe6
19.Nb3d4 Qe6xa2
20.b3 Bf6h4
21.g3 Bh4g5
22.f4 Bg5xf4
23.gxf4 Ne5d7
24.Rc1a1 Qa2b2
25.Nd4b5 Re8c8
26.Qd1xd6 Nd7c5
27.Nb5c7 Rc8xc7
28.Ra1b1 Rc7c6
29.Rb1xb2 Rc6xd6
30.b4 Nc5a4
31.Rb2c2 a5
32.bxa5 Ra8xa5
33.e5 Rd6d3
34.Bf1xd3 { resign }
1-0

[Event "Tourn. n8540"]
[Site "www.chess-mail.com"]
[Date "2016.01.16"]
[Round "1"]
[White "Neo"]
[Black "Tonino1"]
[WhiteElo "1850"]
[BlackElo "1990"]
[Result "1-0"]
[Round "1"]
1.d4 Ng8f6
2.e3 g6
3.g3 Bf8g7
4.Bf1g2 d5
5.Ng1f3 O-O
6.Nf3e5 c6
7.O-O Nb8d7
8.Ne5xd7 Bc8xd7
9.c3 Qd8c7
10.Nb1d2 Rf8e8
11.Nd2f3 Nf6e4
12.Nf3e5 Bg7xe5
13.dxe5 Qc7xe5
14.Bc1d2 Ne4c5
15.Bd2e1 Bd7f5
16.Be1d2 Nc5d3
17.b4 Nd3b2
18.Qd1c1 Nb2c4
19.a4 Bf5d3
20.Rf1e1 f5
21.e4 Nc4xd2
22.Qc1xd2 Bd3c4
23.exf5 Qe5xf5
24.a5 e5
25.Re1e3 Ra8d8
26.Re3f3 Qf5e6
27.Qd2h6 d4
28.cxd4 exd4
29.Bg2f1 Bc4d5
30.Rf3f4 d3
31.Bf1xd3 Qe6e1
32.Ra1xe1 Re8xe1
33.Bd3f1 Bd5e6
34.Rf4h4 Rd8d7
35.Rh4f4 Be6f7
36.Kg2 Bf7d5
37.f3 Bd5f7
38.Bf1c4 Re1e7
39.Bc4xf7 Re7xf7
40.Rf4xf7 Rd7xf7
41.Qh6e3 a6
42.Qe3e8 Kg7
43.Qe8e5 Kg8
44.f4 Kf8
45.Kh3 Kg8
46.Qe5b8 Kg7
47.Qb8e5 Kg8
48.Kh4 h6
49.Qe5e8 Kg7
50.Qe8e5 Kg8
51.Qe5e4 Kg7
52.g4 Rf7f6
53.Qe4d4 Kf7
54.Qd4d7 Kg8
55.f5 g5
56.Kh5 Rf6f7
57.Qd7e6 Kg7
58.Qe6xh6 { resign }
1-0

[Event "Tourn. n8534"]
[Site "www.chess-mail.com"]
[Date "2016.01.16"]
[Round "1"]
[White "Xkafi"]
[Black "Ffdd65"]
[WhiteElo "2010"]
[BlackElo "2210"]
[Result "0-1"]
[Round "1"]
1.e4 e5
2.Bf1c4 d6
3.d4 Nb8d7
4.dxe5 Nd7xe5
5.Bc4d5 c6
6.Bd5b3 Qd8e7
7.Nb1c3 Bc8e6
8.Ng1f3 Be6xb3
9.axb3 h6
10.O-O Ng8f6
11.Rf1e1 Qe7e6
12.Nf3d4 Qe6d7
13.Nd4f5 g6
14.Nf5g3 Qd7c7
15.Bc1e3 c5
16.Nc3d5 Nf6xd5
17.exd5 Bf8g7
18.h3 O-O
19.Qd1d2 Kh7
20.Ra1a4 Qc7d8
21.f4 b5
22.Ra4e4 f5
23.Re4xe5 dxe5
24.Be3xc5 Rf8e8
25.fxe5 Bg7xe5
26.Ng3e2 a6
27.c3 Qd8c7
28.Ne2d4 Qc7xc5
29.Kh1 Qc5xd5
30.b4 Be5g3
31.Re1d1 Ra8d8
32.Qd2d3 Qd5e5
33.Qd3f3 Qe5e1
{ resign }
0-1

[Event "Tourn. n8571"]
[Site "www.chess-mail.com"]
[Date "2016.01.16"]
[Round "1"]
[White "Julian"]
[Black "Mitja"]
[WhiteElo "1990"]
[BlackElo "1910"]
[Result "1-0"]
[Round "1"]
1.e4 d5
2.exd5 Qd8xd5
3.Nb1c3 Qd5d8
4.d4 e6
5.Ng1f3 c6
6.Bf1d3 h6
7.O-O Ng8f6
8.Rf1e1 Bf8e7
9.Nc3e4 Nf6xe4
10.Re1xe4 Nb8d7
11.c4 Nd7f6
12.Re4e1 O-O
13.Bc1f4 Be7d6
14.Nf3e5 Rf8e8
15.Qd1f3 Bd6xe5
16.dxe5 Nf6h7
17.Ra1d1 Nh7f8
18.Qf3g3 Kh8
19.Qg3h3 Qd8e7
20.Re1e3 Nf8g6
21.Bf4xh6 gxh6
22.Qh3xh6 Kg8
23.Bd3xg6 fxg6
24.Qh6xg6 Qe7g7
25.Qg6xe8 { resign }
1-0

[Event "Tourn. n8532"]
[Site "www.chess-mail.com"]
[Date "2016.01.16"]
[Round "1"]
[White "Cardiff"]
[Black "Attatroll"]
[WhiteElo "1950"]
[BlackElo "1920"]
[Result "0-1"]
[Round "1"]
1.d4 f5
2.g3 c6
3.Bf1g2 Ng8f6
4.c4 g6
5.Nb1c3 Bf8g7
6.Ng1f3 O-O
7.O-O d6
8.b3 Nb8d7
9.Bc1b2 e5
10.dxe5 Nd7xe5
11.Qd1c2 Bc8e6
12.Nf3g5 Be6d7
13.Ra1d1 Qd8c7
14.Ng5f3 Ra8d8
15.Nf3xe5 dxe5
16.e4 f4
17.h3 { time. }
0-1

[Event "Tourn. n8523"]
[Site "www.chess-mail.com"]
[Date "2016.01.16"]
[Round "1"]
[White "Piekki"]
[Black "Tonino1"]
[WhiteElo "1840"]
[BlackElo "1990"]
[Result "1-0"]
[Round "1"]
1.e4 c5
2.Ng1f3 d6
3.d4 cxd4
4.Nf3xd4 Ng8f6
5.Nb1c3 g6
6.Bc1e3 Bf8g7
7.f3 O-O
8.Qd1d2 Rf8e8
9.Bf1c4 Nb8c6
10.g4 e5
11.Nd4e2 Bc8e6
12.Bc4b3 Nc6a5
13.O-O-O Na5xb3
14.axb3 Bg7f8
15.h4 Qd8a5
16.Kb1 b5
17.h5 b4
18.Nc3d5 Nf6xd5
19.exd5 Be6d7
20.hxg6 fxg6
21.Ne2g3 Ra8c8
22.Qd2h2 Re8e7
23.Ng3e4 Re7f7
24.Ne4g5 Rf7g7
25.Ng5xh7 Qa5c7
26.Nh7g5 { resign }
1-0

[Event "Tourn. n8563"]
[Site "www.chess-mail.com"]
[Date "2016.01.16"]
[Round "1"]
[White "Cathar"]
[Black "Tonino1"]
[WhiteElo "2270"]
[BlackElo "2050"]
[Result "1-0"]
[Round "1"]
1.e4 c5
2.Ng1f3 d6
3.d4 cxd4
4.Nf3xd4 Ng8f6
5.Nb1c3 g6
6.Bc1e3 Bf8g7
7.f3 O-O
8.Qd1d2 Rf8e8
9.Bf1c4 Nb8c6
10.O-O-O Bc8d7
11.h4 a6
12.h5 Qd8a5
13.hxg6 hxg6
14.Be3h6 Bg7h8
15.Nd4xc6 bxc6
16.g4 Nf6xg4
17.fxg4 Bd7xg4
18.Rd1g1 Bg4h5
19.Rg1g5 Qa5b4
20.Bc4b3 Bh8xc3
21.bxc3 Qb4xe4
22.Rh1xh5 Kh7
23.Rh5h2 Kg8
24.Rg5g1 { resign }
1-0

[Event "Tourn. n8565"]
[Site "www.chess-mail.com"]
[Date "2016.01.16"]
[Round "1"]
[White "Maredocla"]
[Black "Starwind"]
[WhiteElo "2080"]
[BlackElo "1809"]
[Result "0-1"]
[Round "1"]
1.f4 d5
2.Ng1f3 g6
3.e3 Bf8g7
4.d4 Ng8f6
5.b3 O-O
6.a4 c5
7.Bc1b2 cxd4
8.Bb2xd4 Nb8c6
9.Nb1c3 Bc8g4
10.h3 Nc6xd4
11.exd4 Bg4xf3
12.Qd1xf3 Ra8c8
13.O-O-O Qd8c7
14.Rd1d3 Nf6e4
15.Kb2 Ne4xc3
16.g4 Nc3xa4
17.Ka3 Qc7xc2
18.Kxa4 Rc8c4
{ resign }
0-1

[Event "Tourn. n8483"]
[Site "www.chess-mail.com"]
[Date "2016.01.16"]
[Round "1"]
[White "Wwgia"]
[Black "Libiesse"]
[WhiteElo "2230"]
[BlackElo "2050"]
[Result "1-0"]
[Round "1"]
1.d4 d5
2.c4 e6
3.Nb1c3 Ng8f6
4.Ng1f3 dxc4
5.e4 b5
6.Bc1g5 a6
7.Bf1e2 Bc8b7
8.O-O Bf8e7
9.Qd1c2 h6
10.Bg5xf6 Be7xf6
11.Ra1d1 O-O
12.a4 c6
13.b3 cxb3
14.Qc2xb3 Nb8d7
15.d5 Bf6xc3
16.Qb3xc3 exd5
17.exd5 cxd5
18.axb5 Ra8c8
19.Qc3b4 Rf8e8
20.bxa6 Bb7a8
21.Be2b5 Qd8b6
22.Nf3d4 Rc8c4
23.Qb4b1 Rc4xd4
24.Rd1xd4 Qb6xd4
25.Bb5xd7 Re8d8
26.Bd7f5 g6
27.Bf5d3 Qd4g4
28.Qb1b6 Rd8c8
29.h3 Qg4g5
30.f4 Qg5g3
31.Qb6d4 Rc8e8
32.f5 Re8e3
33.fxg6 Re3xd3
34.gxf7 { resign }
1-0

[Event "Tourn. n8475"]
[Site "www.chess-mail.com"]
[Date "2016.01.16"]
[Round "1"]
[White "Seger"]
[Black "Ericleo1980"]
[WhiteElo "2730"]
[BlackElo "2280"]
[Result "1-0"]
[Round "1"]
1.d4 d5
2.c4 c6
3.cxd5 cxd5
4.Bc1f4 Bc8f5
5.Nb1c3 e6
6.Qd1b3 Qd8b6
7.Qb3xb6 axb6
8.a3 Bf8e7
9.Nc3b5 Nb8a6
10.Ra1c1 Ng8f6
11.e3 O-O
12.Bf4d6 Rf8e8
13.Bd6xe7 Re8xe7
14.Bf1e2 Nf6e4
15.g4 Bf5g6
16.Ng1h3 h6
17.Nh3f4 Kh7
18.Rh1g1 Ra8d8
19.h4 f6
20.f3 Ne4d6
21.Nb5xd6 Rd8xd6
22.g5 Bg6f5
23.g6 { resign }
1-0

[Event "Tourn. n8352"]
[Site "www.chess-mail.com"]
[Date "2016.01.16"]
[Round "1"]
[White "Numanoid"]
[Black "Seger"]
[WhiteElo "2500"]
[BlackElo "2770"]
[Result "1-0"]
[Round "1"]
1.e4 c5
2.Ng1f3 e6
3.d4 cxd4
4.Nf3xd4 Ng8f6
5.Nb1c3 Nb8c6
6.Nd4b5 Bf8c5
7.Bc1f4 O-O
8.Bf4c7 Qd8e8
9.e5 Nf6d5
10.Nc3xd5 exd5
11.Qd1xd5 b6
12.O-O-O h6
13.Bf1d3 a6
14.Nb5c3 Ra8a7
15.Bc7d6 Bc5xd6
16.Qd5xd6 Qe8e7
17.Nc3d5 Qe7xd6
18.exd6 b5
19.Rh1e1 Bc8b7
20.c3 Nc6d8
21.Nd5e7 Kh8
22.f3 Nd8e6
23.Bd3f5 Rf8d8
24.Bf5xe6 fxe6
25.Rd1d4 Kh7
26.h4 Bb7a8
27.Re1e5 Ra7b7
28.h5 Rb7b6
29.Re5c5 Ba8d5
30.Ne7xd5 exd5
31.Rc5xd5 Rd8e8
32.Kd2 g6
33.hxg6 Kxg6
34.Rd4g4 Kf7
35.Rg4f4 Kg6
36.Rd5d4 Re8e6
37.Rf4g4 Kf7
38.Rd4f4 Re6f6
39.Rf4xf6 Kxf6
40.Rg4d4 Rb6b8
41.Rd4h4 Kg5
42.Rh4g4 Kf6
43.Rg4h4 Kg5
44.Rh4g4 Kf6
45.Ke3 h5
46.Rg4e4 Rb8b6
47.Re4h4 Kg6
48.Rh4d4 Rb6c6
49.f4 Rc6c5
50.Ke4 h4
51.Rd4d5 { resign }
1-0

[Event "Tourn. n8575"]
[Site "www.chess-mail.com"]
[Date "2016.01.16"]
[Round "1"]
[White "Julian"]
[Black "Tonino1"]
[WhiteElo "2000"]
[BlackElo "2130"]
[Result "1-0"]
[Round "1"]
1.e4 c5
2.Ng1f3 d6
3.Bf1c4 e6
4.c3 Nb8c6
5.d4 cxd4
6.cxd4 Ng8f6
7.Nb1c3 Bf8e7
8.O-O O-O
9.e5 Nf6e8
10.Bc4d3 g6
11.Bc1h6 Ne8g7
12.g3 dxe5
13.dxe5 Rf8e8
14.Nc3e4 Ng7f5
15.Qd1d2 Nf5xh6
16.Qd2xh6 Be7f8
17.Qh6h3 Qd8xd3
18.Ne4f6 { resign }
1-0

[Event "Tourn. n8538"]
[Site "www.chess-mail.com"]
[Date "2016.01.16"]
[Round "1"]
[White "Duff"]
[Black "Llcervello"]
[WhiteElo "1740"]
[BlackElo "1680"]
[Result "1-0"]
[Round "1"]
1.e4 e5
2.Ng1f3 d6
3.d4 Qd8e7
4.Nb1c3 Nb8c6
5.Nc3d5 Qe7d7
6.Bf1b5 a6
7.Bb5xc6 Qd7xc6
8.dxe5 Bc8e6
9.exd6 Bf8xd6
10.O-O Ng8e7
11.Nd5xe7 Kxe7
12.e5 Bd6c5
13.Bc1g5 Ke8
14.Nf3d4 Qc6d5
15.Nd4xe6 fxe6
16.Qd1e2 O-O
17.Rf1d1 Bc5xf2
18.Kh1 Qd5c5
19.Qe2g4 Rf8f5
20.Rd1d7 Qc5xe5
21.Bg5h6 g6
22.Rd7g7 Kh8
23.Rg7e7 Ra8g8
24.Bh6d2 Qe5xb2
25.Ra1f1 Qb2xc2
26.Qg4h3 h5
27.Bd2c3 e5
28.Bc3xe5 Rf5xe5
29.Re7xe5 h4
30.Qh3e6 Rg8g7
31.Re5e2 Qc2c5
32.Re2xf2 Kh7
33.Rf2f7 Kh6
34.Rf7xg7 Kxg7
35.h3 Kh6
36.Qe6g4 Qc5e7
37.Qg4f4 Kg7
38.Qf4d4 Kh6
39.Rf1c1 b6
40.Qd4f4 Kg7
41.Rc1xc7 Qe7xc7
42.Qf4xc7 Kh6
43.Qc7xb6 Kh5
44.Qb6xa6 { resign }
1-0